| 000 | 00619nam a22002177a 4500 | ||
|---|---|---|---|
| 999 |
_c18891 _d18891 |
||
| 003 | AR-CdUCM | ||
| 008 | 190515b ||||| |||| 00| 0 spa d | ||
| 040 |
_aMUNICIPALIDAD PROVINCIAL DEL CUSCO _cBIBLIOTECA MUNICIPAL DEL CUSCO |
||
| 082 |
_a869.03 / _bEP64 |
||
| 100 |
_aSpyri, Juana _926891 |
||
| 245 | _aHeidi / | ||
| 260 |
_aEspaña : _bI. D. A. G. y Afha, _c1962. |
||
| 300 |
_a147 páginas ; _c21 cm. |
||
| 440 |
_aColección auriga _939799 |
||
| 505 | _aContenido : Cuento. | ||
| 650 |
_aLiteratura _983 |
||
| 650 |
_aCuento _94671 |
||
| 700 |
_aLlobera, José _939800 |
||
| 942 |
_2ddc _cLIBROS |
||
| 945 | _arcc | ||